Testigos de Aparecida
Uloženo v:
| Korporativní autor: | |
|---|---|
| Médium: | Kniha |
| Jazyk: | španělština |
| Vydáno: |
Bogotá
CELAM
2008
|
| Témata: | |
| Tagy: |
Přidat tag
Žádné tagy, Buďte první, kdo vytvoří štítek k tomuto záznamu!
|
MARC
| LEADER | 00000nam a2200000 a 4500 | ||
|---|---|---|---|
| 001 | UCI7919 | ||
| 003 | CL-VaPUC | ||
| 008 | 080731e20080000CK |||||||||||||||||spa|d | ||
| 020 | |a 9789586256667 | ||
| 082 | 0 | 4 | |a 261.12 |b CON |2 21 |
| 110 | 2 | |a Consejo Episcopal Latinoamericano |e author |9 531333 | |
| 245 | 1 | 0 | |a Testigos de Aparecida |
| 300 | |a 2 v | ||
| 942 | |c BK | ||
| 945 | |d 20080731 00:00:00 |a rbrito | ||
| 260 | |a Bogotá |b CELAM |c 2008 | ||
| 650 | 0 | |a Cristología |9 315091 | |
| 650 | 0 | |a Espiritualidad |9 267331 | |
| 650 | 0 | |a Doctrina social de la iglesia |9 257333 | |
| 650 | 0 | |a Ecumenismo |9 255639 | |
| 651 | 0 | |a Brasil |9 267393 | |
| 583 | |a last modification |c 20180612 10:13:52 |k Rodrigo Vera | ||
| 999 | |c 331048 |d 331046 | ||
| 952 | |0 0 |1 0 |4 0 |6 261_120000000000000_CON_2008 |7 0 |8 A |9 417146 |a BIBING |b BIBING |d 2019-11-22 |h v.1 |i 4468902 |o 261.12 CON 2008 |p 4468902 |r 2025-01-20 |w 2019-11-22 |y BK |k ING | ||
| 952 | |0 0 |1 0 |4 0 |6 261_120000000000000_CON_2008 |7 0 |8 A |9 417147 |a BIBING |b BIBING |d 2019-11-22 |h v.2 |i 4468910 |o 261.12 CON 2008 |p 4468910 |r 2025-01-20 |w 2019-11-22 |y BK |k ING | ||
| 952 | |0 0 |1 0 |4 0 |6 261_120000000000000_CON_2008 |7 0 |8 A |9 417148 |a BIBALI |b BIBALI |c GEN |d 2019-11-22 |h v.1 |i 4468929 |o 261.12 CON 2008 |p 4468929 |r 2025-01-20 |w 2019-11-22 |y BK |k ALI | ||
| 952 | |0 0 |1 0 |4 0 |6 261_120000000000000_CON_2008 |7 0 |8 A |9 417149 |a BIBALI |b BIBALI |c GEN |d 2019-11-22 |h v.2 |i 4468937 |o 261.12 CON 2008 |p 4468937 |r 2025-01-20 |w 2019-11-22 |y BK |k ALI | ||
| 952 | |0 0 |1 0 |4 0 |6 261_120000000000000_CON_2008 |7 0 |8 A |9 417150 |a BIBEDU |b BIBEDU |d 2019-11-22 |h v.1 |i 4468945 |o 261.12 CON 2008 |p 4468945 |r 2019-11-22 |w 2019-11-22 |y BK |k EDU | ||
| 952 | |0 0 |1 0 |4 0 |6 261_120000000000000_CON_2008 |7 0 |8 A |9 417151 |a BIBEDU |b BIBEDU |d 2019-11-22 |h v.2 |i 4468953 |o 261.12 CON 2008 |p 4468953 |r 2019-11-22 |w 2019-11-22 |y BK |k EDU | ||
| 952 | |0 0 |1 0 |4 0 |6 261_120000000000000_CON_2008 |7 0 |8 A |9 417152 |a BIBCUR |b BIBCUR |d 2019-11-22 |h v.1 |i 4468961 |o 261.12 CON 2008 |p 4468961 |r 2025-04-22 |w 2019-11-22 |y BK |k BCB | ||
| 952 | |0 0 |1 0 |4 0 |6 261_120000000000000_CON_2008 |7 0 |8 A |9 417153 |a BIBCUR |b BIBCUR |d 2019-11-22 |h v.2 |i 446897K |o 261.12 CON 2008 |p 446897K |r 2025-04-22 |w 2019-11-22 |y BK |k BCB | ||
| 952 | |0 0 |1 0 |4 0 |6 261_120000000000000_CON_2008 |7 0 |8 A |9 417154 |a BIBGIM |b BIBGIM |d 2019-11-22 |h v.1 |i 4468988 |o 261.12 CON 2008 |p 4468988 |r 2025-01-15 |w 2019-11-22 |y BK |k GIM | ||
| 952 | |0 0 |1 0 |4 0 |6 261_120000000000000_CON_2008 |7 0 |8 A |9 417155 |a BIBGIM |b BIBGIM |d 2019-11-22 |h v.2 |i 4468996 |o 261.12 CON 2008 |p 4468996 |r 2025-01-15 |w 2019-11-22 |y BK |k GIM | ||